000 00482nam a2200193Ia 4500
008 170705s9999 xx 000 0 und d
020 _a9780439149099
245 2 _aA wedding for wiglaf? /
245 _cKate McMullan ; illustrated by Bill Basso.
260 _aNew York :
260 _bScholastic,
260 _c1998
300 _a109 pages :
300 _bcolor illustration ;
300 _c19cm.
440 _aDragon slayers' academy ;
440 _v4
500 _a440
999 _c335834
_d335834